| 000 | 00537nam a2200217Ia 4500 | ||
|---|---|---|---|
| 003 | OSt | ||
| 005 | 20250703153240.0 | ||
| 008 | 210210b1979 xxu||||| |||| 00| 0 eng d | ||
| 020 | _a0 07 099558 3 | ||
| 040 | _cAL | ||
| 041 | _aEnglish | ||
| 082 | _a515.7 RUDF | ||
| 100 |
_aWalter Rudin _9208218 |
||
| 245 | _aFunctional analysis | ||
| 260 |
_aNY _bMcGraw-Hill Book Co _c1979 |
||
| 300 | _axiii,397p. | ||
| 650 |
_aMathematical analysis _9208219 |
||
| 690 |
_aMathematical Analysis _9208220 |
||
| 906 | _a035619 | ||
| 942 |
_2ddc _cBK |
||
| 999 |
_c86524 _d86524 |
||